[Event "Central European zonal 2 (w)"]
[Site "Haifa ISR"]
[Date "1989.??.??"]
[Round "?"]
[White "Baumann, Claude"]
[Black "Kristol, Luba"]
[Result "1/2-1/2"]
[WhiteElo "2020"]
[BlackElo "2230"]
[EventDate "1989.??.??"]
[PlyCount "49"]

1.d4 Nf6 2.c4 c5 3.d5 e5 4.Nc3 d6 5.e4 Be7 6.Be2 O-O 7.Nf3 Na6 8.a3 Bg4 9.
Be3 Nd7 10.h3 Bxf3 11.Bxf3 Bg5 12.Qd2 Bxe3 13.Qxe3 Nc7 14.O-O Rb8 15.Be2 
a6 16.a4 b6 17.Ra3 Qh4 18.Rb3 h6 19.Bg4 Nf6 20.Be2 Nfe8 21.Re1 h5 22.Bf1 
Qf4 23.g3 Qxe3 24.Rxe3 Rd8 25.h4 1/2-1/2

[Event "Central European zonal 2 (w)"]
[Site "Haifa ISR"]
[Date "1989.??.??"]
[Round "?"]
[White "Baumann, Claude"]
[Black "Ladner, Karin"]
[Result "1-0"]
[WhiteElo "2020"]
[BlackElo "2045"]
[EventDate "1989.??.??"]
[PlyCount "77"]

1.d4 Nf6 2.c4 c5 3.d5 e6 4.Nc3 exd5 5.cxd5 d6 6.e4 g6 7.Bb5+ Nfd7 8.a4 a6 
9.Bd3 Bg7 10.Nf3 O-O 11.O-O Ne5 12.Nxe5 Bxe5 13.Be3 Nd7 14.f4 Bg7 15.Qf3 
Qc7 16.Rad1 c4 17.Bc2 b6 18.e5 Nc5 19.f5 Bxe5 20.fxg6 f5 21.Qh5 hxg6 22.
Qxg6+ Qg7 23.Qxg7+ Kxg7 24.Bf4 Bd7 25.Rde1 Rae8 26.g3 b5 27.axb5 axb5 28.
Nd1 Na6 29.Bd2 Nc7 30.b3 Nxd5 31.bxc4 bxc4 32.Rf3 Bd4+ 33.Kf1 Rxe1+ 34.
Bxe1 Be5 35.Ra3 f4 36.Bf2 Bh3+ 37.Ke1 fxg3 38.hxg3 Nb4 39.Ra7+ 1-0

[Event "Central European zonal 2 (w)"]
[Site "Haifa ISR"]
[Date "1989.??.??"]
[Round "?"]
[White "Baumann, Claude"]
[Black "Podrazhanskaya, Olga"]
[Result "1-0"]
[WhiteElo "2020"]
[BlackElo "2200"]
[EventDate "1989.??.??"]
[PlyCount "81"]

1.d4 e6 2.c4 f5 3.Nc3 Nf6 4.Bg5 Bb4 5.Qc2 b6 6.Nf3 Bb7 7.e3 O-O 8.Bd3 h6 
9.Bh4 g5 10.Bg3 Ne4 11.a3 Bxc3+ 12.bxc3 d6 13.h3 Nd7 14.Bh2 Qf6 15.O-O-O 
c5 16.Ne1 cxd4 17.exd4 Qe7 18.f3 Nef6 19.Qe2 d5 20.Nc2 f4 21.Rhe1 Kf7 22.
g3 fxg3 23.Bxg3 Nh5 24.Bh2 Qf6 25.f4 Nxf4 26.Bxf4 Qxf4+ 27.Kb2 Qd6 28.Qh5+
Ke7 29.Qxh6 Nf6 30.Ne3 Ne4 31.Bxe4 dxe4 32.Qxg5+ Kd7 33.Rf1 Rf3 34.Rxf3 
exf3 35.d5 e5 36.Qf5+ Kc7 37.Qf7+ Qd7 38.Qxf3 Re8 39.Rg1 Bc8 40.Qf6 Re7 
41.d6+ 1-0

[Event "Central European zonal 2 (w)"]
[Site "Haifa ISR"]
[Date "1989.??.??"]
[Round "?"]
[White "Baumann, Claude"]
[Black "Wohlers-Armas, Friederike"]
[Result "0-1"]
[WhiteElo "2020"]
[BlackElo "2145"]
[EventDate "1989.??.??"]
[PlyCount "56"]

1.d4 Nf6 2.c4 c5 3.dxc5 g6 4.Nc3 Bg7 5.e4 O-O 6.Be2 Na6 7.Be3 Ne8 8.Qd2 
Nec7 9.Nf3 Ne6 10.O-O Naxc5 11.Rac1 d6 12.b4 Nd7 13.Nd5 Nf6 14.Ng5 Nxg5 
15.Bxg5 Nxe4 16.Qe3 Nxg5 17.Qxg5 e6 18.Qxd8 Rxd8 19.Nf4 Bh6 20.g3 e5 21.
Nd5 Bxc1 22.Rxc1 Be6 23.Bf3 Bxd5 24.Bxd5 Rd7 25.Kf1 Kf8 26.Ke2 Rc8 27.a4 
Ke7 28.Kd3 a6 0-1

[Event "Central European zonal 2 (w)"]
[Site "Haifa ISR"]
[Date "1989.??.??"]
[Round "?"]
[White "Borek, Jutta"]
[Black "Baumann, Claude"]
[Result "1/2-1/2"]
[WhiteElo "2060"]
[BlackElo "2020"]
[EventDate "1989.??.??"]
[PlyCount "90"]

1.d4 Nf6 2.Nf3 g6 3.c4 Bg7 4.Nc3 d6 5.e4 O-O 6.h3 e5 7.d5 Nbd7 8.Be3 Nh5 
9.Nh2 a5 10.Be2 Nf4 11.Bf3 Nc5 12.Bxc5 dxc5 13.h4 g5 14.g3 Ng6 15.hxg5 
Qxg5 16.Ng4 f5 17.Rh5 Qe7 18.Nh6+ Bxh6 19.Rxh6 Qg7 20.Rh5 f4 21.g4 Rf6 22.
g5 Rd6 23.Qe2 Nf8 24.O-O-O Rg6 25.Rg1 Bd7 26.Bg4 Bxg4 27.Qxg4 Re8 28.Rgh1 
Re7 29.f3 b6 30.Nb5 Qf7 31.b3 Qe8 32.Na7 Reg7 33.Nc6 a4 34.Qf5 Nd7 35.R1h4
axb3 36.axb3 Qf7 37.Rg4 Qe8 38.Rgh4 Nf6 39.Rh6 Rxg5 40.Qe6+ Qxe6 41.dxe6 
Rg1+ 42.Kc2 R7g2+ 43.Kc3 Rc1+ 44.Kd3 Rd1+ 45.Kc3 Rc1+ 1/2-1/2

[Event "Central European zonal 2 (w)"]
[Site "Haifa ISR"]
[Date "1989.??.??"]
[Round "?"]
[White "Borek, Jutta"]
[Black "Ehrke, Anja"]
[Result "1-0"]
[WhiteElo "2060"]
[BlackElo "2210"]
[EventDate "1989.??.??"]
[PlyCount "117"]

1.Nf3 Nf6 2.d4 d6 3.c4 Nbd7 4.Nc3 c6 5.e4 e5 6.Be2 Be7 7.O-O O-O 8.Re1 Re8
9.Bf1 a6 10.Bg5 h6 11.Bh4 Nh7 12.Bxe7 Qxe7 13.b4 Qf6 14.Qd2 Ndf8 15.dxe5 
dxe5 16.Qe3 Bg4 17.Nd2 Rad8 18.f3 Bc8 19.c5 Ne6 20.Nc4 Nd4 21.Qf2 Ng5 22.
Re3 Qg6 23.Kh1 Qf6 24.Nd6 Re7 25.Rd1 b5 26.Rd2 a5 27.a3 axb4 28.axb4 Be6 
29.Ne2 Nxe2 30.Qxe2 Ra7 31.Qe1 Rda8 32.Rd1 Qf4 33.Red3 Qf6 34.g3 Nxf3 35.
Qf2 Ng5 36.Qxf6 gxf6 37.h4 Nh7 38.Nf5 Bxf5 39.exf5 Ra4 40.Rd8+ Rxd8 41.
Rxd8+ Kg7 42.Rd6 Rxb4 43.Rxc6 Rb1 44.Kg2 b4 45.Rb6 Rc1 46.c6 b3 47.Bd3 Kf8
48.Be4 Ke7 49.Rxb3 Rc4 50.Kf3 h5 51.Rb7+ Ke8 52.Bd5 Rc3+ 53.Kf2 Nf8 54.
Bxf7+ Kd8 55.Bd5 Rc5 56.Be4 Rc4 57.Ke3 Rc3+ 58.Kd2 Rxg3 59.Rb8+ 1-0

[Event "Central European zonal 2 (w)"]
[Site "Haifa ISR"]
[Date "1989.??.??"]
[Round "?"]
[White "Borek, Jutta"]
[Black "Lauterbach, Ingrid"]
[Result "0-1"]
[WhiteElo "2060"]
[BlackElo "2170"]
[EventDate "1989.??.??"]
[PlyCount "72"]

1.e4 d6 2.d4 Nf6 3.Nc3 g6 4.g3 Bg7 5.Bg2 O-O 6.Nge2 c6 7.a4 a5 8.O-O Na6 
9.h3 Nb4 10.Be3 Re8 11.g4 Qc7 12.Ng3 e5 13.Nce2 exd4 14.Nxd4 d5 15.c3 Na6 
16.exd5 Rxe3 17.fxe3 Qxg3 18.Rf3 Qc7 19.dxc6 bxc6 20.Qf1 Nd5 21.Nxc6 Qxc6 
22.Rxf7 Be6 23.Rxg7+ Kxg7 24.c4 Rf8 25.Qd3 Nab4 26.Qd4+ Kg8 27.cxd5 Bxd5 
28.e4 Nc2 29.exd5 Qd6 30.Qd1 Qc5+ 31.Kh1 Nxa1 32.Qxa1 Qc2 33.Qe1 Qxb2 34.
Qxa5 Qc1+ 35.Kh2 Qf4+ 36.Kh1 Rc8 0-1

[Event "Central European zonal 2 (w)"]
[Site "Haifa ISR"]
[Date "1989.??.??"]
[Round "?"]
[White "Borek, Jutta"]
[Black "Lematschko, Tatjana"]
[Result "1/2-1/2"]
[WhiteElo "2060"]
[BlackElo "2305"]
[EventDate "1989.??.??"]
[PlyCount "183"]

1.d4 Nf6 2.Nf3 g6 3.c4 Bg7 4.Nc3 d6 5.e4 O-O 6.h3 c5 7.d5 a6 8.a4 e5 9.Bg5
h6 10.Be3 Kh7 11.g4 Rh8 12.Bd3 Nbd7 13.Ne2 h5 14.g5 Ne8 15.Qd2 Rb8 16.O-O 
Nc7 17.a5 b5 18.axb6 Rxb6 19.Kh2 Rb4 20.Qc2 Rb8 21.Rg1 Ne8 22.Bd2 Qb6 23.
Rgb1 Bf8 24.Ra3 Be7 25.Nc1 Qa7 26.Nb3 Nf8 27.Na5 Qd7 28.Bf1 Ng7 29.Nc6 Rb6
30.Ba5 Rxc6 31.dxc6 Qxc6 32.Bd2 Nfe6 33.h4 Nf4 34.Bxf4 exf4 35.Bg2 Ne6 36.
Qd3 Qc7 37.Bh3 Bb7 38.Re1 Rf8 39.Rb3 Nd8 40.Nd2 Nc6 41.Nf3 a5 42.Qd2 Ba6 
43.Rc3 Qb8 44.b3 Bd8 45.Rd1 Bc7 46.Bd7 Bb7 47.Qe2 Qa8 48.Bxc6 Bxc6 49.Nd2 
f3 50.Rxf3 d5+ 51.Kg1 dxe4 52.Rf6 Be5 53.Rxc6 Qxc6 54.Qxe4 Qxe4 55.Nxe4 
Bd4 56.Kg2 Rb8 57.Rd3 Rb6 58.Rf3 Kg7 59.Rd3 Re6 60.Kf3 Ra6 61.Nd2 f5 62.
Ke2 Re6+ 63.Kf1 Kf7 64.Nf3 Rd6 65.Nxd4 cxd4 66.f4 Ke6 67.Kf2 Kd7 68.Rd2 
Kc6 69.Ra2 Kb6 70.Ke2 Re6+ 71.Kd3 Re4 72.c5+ Kxc5 73.Rxa5+ Kb6 74.Re5 Rxf4
75.Re6+ Kc5 76.Rxg6 Rxh4 77.Rf6 Rh3+ 78.Kd2 Rxb3 79.Rxf5+ Kc4 80.g6 Rg3 
81.Rxh5 Rg2+ 82.Kd1 Rxg6 83.Rh3 Rg1+ 84.Kd2 Ra1 85.Rg3 Ra2+ 86.Kd1 Rh2 87.
Rf3 Kd5 88.Ra3 Ke4 89.Rb3 Rf2 90.Ra3 Rf4 91.Rb3 Kd5 92.Ra3 1/2-1/2

[Event "Central European zonal 2 (w)"]
[Site "Haifa ISR"]
[Date "1989.??.??"]
[Round "?"]
[White "Borek, Jutta"]
[Black "Vardi, Shlomit"]
[Result "0-1"]
[WhiteElo "2060"]
[BlackElo "2040"]
[EventDate "1989.??.??"]
[PlyCount "77"]

1.d4 Nf6 2.Nf3 g6 3.c4 Bg7 4.Nc3 d6 5.e4 O-O 6.h3 e5 7.d5 c6 8.Bg5 h6 9.
Bh4 Qb6 10.Qd2 g5 11.Bg3 Na6 12.Bd3 Nc5 13.Rb1 Nxd3+ 14.Qxd3 cxd5 15.cxd5 
Nh5 16.Nd2 f5 17.O-O f4 18.Bh2 Qd8 19.Qe2 Nf6 20.f3 Rf7 21.Rfc1 Bf8 22.Nd1
Bd7 23.Kf1 h5 24.Bg1 g4 25.fxg4 hxg4 26.Rc3 Nh5 27.Bf2 f3 28.gxf3 Nf4 29.
Qc4 gxh3 30.Bg3 Qg5 31.Bxf4 Qg2+ 32.Ke1 exf4 33.Nf2 Be7 34.Qf1 Rg7 35.Ke2 
Bb5+ 36.Nc4 Bh4 37.b3 h2 38.Qxg2 Rxg2 39.Rf1 0-1

[Event "Central European zonal 2 (w)"]
[Site "Haifa ISR"]
[Date "1989.??.??"]
[Round "?"]
[White "Ehrke, Anja"]
[Black "Baumann, Claude"]
[Result "1-0"]
[WhiteElo "2210"]
[BlackElo "2020"]
[EventDate "1989.??.??"]
[PlyCount "129"]

1.e4 e6 2.d4 d5 3.Nc3 dxe4 4.Nxe4 Nf6 5.Bd3 Be7 6.Nf3 Nc6 7.O-O Nb4 8.
Nxf6+ Bxf6 9.Be4 Nd5 10.c3 c6 11.Ne5 Bxe5 12.dxe5 Qc7 13.c4 Nb6 14.Qd4 Bd7
15.b3 c5 16.Qc3 Bc6 17.Bc2 Nd7 18.Re1 h6 19.Bb2 O-O-O 20.a3 b6 21.b4 g5 
22.b5 Ba8 23.a4 Nf8 24.a5 Qb8 25.axb6 axb6 26.Qe3 Rd7 27.f3 Bb7 28.Red1 
Rxd1+ 29.Rxd1 Nd7 30.Rd6 Qc7 31.Be4 Nb8 32.Bxb7+ Qxb7 33.Bc1 Rd8 34.Rxd8+ 
Kxd8 35.h4 Qd7 36.hxg5 hxg5 37.Qxg5+ Kc8 38.Be3 Kb7 39.Qf6 Qe8 40.Bg5 Qg8 
41.Qe7+ Ka8 42.f4 Qg6 43.Qf8 Qb1+ 44.Kh2 Qh7+ 45.Qh6 Qd3 46.Qh5 Qxc4 47.
Qxf7 Qd4 48.Be7 Qd7 49.Qf8 Kb7 50.Qf6 c4 51.f5 exf5 52.e6 Qc7+ 53.Kh3 Qf4 
54.Qg5 Qe4 55.Qg6 Qe3+ 56.Kh4 Qf4+ 57.Kh5 c3 58.Ba3 c2 59.e7 Qh2+ 60.Kg5 
Qg3+ 61.Kxf5 Qd3+ 62.Kf6 Nd7+ 63.Kg7 Qc3+ 64.Kh6 Qxa3 65.Qc6+ 1-0

[Event "Central European zonal 2 (w)"]
[Site "Haifa ISR"]
[Date "1989.??.??"]
[Round "?"]
[White "Ehrke, Anja"]
[Black "Kristol, Luba"]
[Result "1/2-1/2"]
[WhiteElo "2210"]
[BlackElo "2230"]
[EventDate "1989.??.??"]
[PlyCount "83"]

1.e4 d5 2.exd5 Nf6 3.Bb5+ Nbd7 4.Nc3 a6 5.Ba4 b5 6.Bb3 Bb7 7.Qe2 Nb6 8.Nf3
Nfxd5 9.Nxd5 Nxd5 10.d4 e6 11.O-O Bd6 12.c4 bxc4 13.Bxc4 O-O 14.Bg5 Qe8 
15.Rfe1 h6 16.Bd2 Qe7 17.Ne5 Qh4 18.Qg4 Qxg4 19.Nxg4 Rfd8 20.Rac1 Ne7 21.
Ne3 Bf4 22.Bc3 Rac8 23.g3 Bg5 24.f4 Bf6 25.Red1 h5 26.Be2 g6 27.Nc4 Nf5 
28.Na5 Be4 29.Bxa6 Ra8 30.Bb7 Bxb7 31.Nxb7 Rd5 32.a3 Ra7 33.Nc5 Nxd4 34.
Ne4 Bg7 35.Kf2 Rb7 36.Rd3 Nb3 37.Rcd1 Nc5 38.Nxc5 Rxc5 39.Bxg7 Kxg7 40.b4 
Rc2+ 41.R1d2 Rc1 42.Rd1 1/2-1/2

[Event "Central European zonal 2 (w)"]
[Site "Haifa ISR"]
[Date "1989.??.??"]
[Round "?"]
[White "Ehrke, Anja"]
[Black "Trabert, Bettina"]
[Result "1-0"]
[WhiteElo "2210"]
[BlackElo "2205"]
[EventDate "1989.??.??"]
[PlyCount "109"]

1.e4 e5 2.Nf3 Nc6 3.Bb5 g6 4.c3 a6 5.Ba4 d6 6.d4 Bd7 7.O-O Bg7 8.dxe5 dxe5
9.Nbd2 Nge7 10.Re1 O-O 11.Bc2 Qc8 12.a4 h6 13.Qe2 g5 14.Nf1 Ng6 15.Ng3 
Nce7 16.Be3 Nf4 17.Qc4 Bg4 18.Qc5 Neg6 19.Bxf4 b6 20.Qc4 Nxf4 21.Nf5 Re8 
22.Bb3 Qe6 23.Qxe6 Nxe6 24.Bd5 Rad8 25.Bc6 Rf8 26.Nxg7 Kxg7 27.Nxe5 Bh5 
28.Nd7 Rfe8 29.e5 Re7 30.Nf6 Bg6 31.Nd5 Rxd5 32.Bxd5 Nf4 33.Bc4 Bd3 34.
Bxd3 Nxd3 35.Re2 Nxe5 36.Kf1 f6 37.Rd1 Kf7 38.f3 h5 39.Re3 Nc4 40.Rxe7+ 
Kxe7 41.Re1+ Kd6 42.Re2 c5 43.g3 Ne5 44.f4 gxf4 45.gxf4 Nc4 46.f5 Kd5 47.
b3 Ne5 48.Kf2 b5 49.axb5 axb5 50.Kg3 b4 51.cxb4 cxb4 52.Kh4 Nf3+ 53.Kxh5 
Nd4 54.Rf2 Nxb3 55.Kg6 1-0

[Event "Central European zonal 2 (w)"]
[Site "Haifa ISR"]
[Date "1989.??.??"]
[Round "?"]
[White "Ehrke, Anja"]
[Black "Vardi, Shlomit"]
[Result "1-0"]
[WhiteElo "2210"]
[BlackElo "2040"]
[EventDate "1989.??.??"]
[PlyCount "93"]

1.e4 a6 2.d4 b5 3.Bd3 Bb7 4.Nf3 e6 5.O-O Be7 6.Re1 g5 7.c4 bxc4 8.Bxc4 h6 
9.d5 Bf6 10.Qb3 Qc8 11.e5 Bg7 12.Nd4 Bxd5 13.Bxd5 exd5 14.Qxd5 c6 15.Qc5 
Ne7 16.Bd2 Qb7 17.Nc3 Qa7 18.Qd6 Nc8 19.Qb4 a5 20.Qc4 Qa6 21.Qa4 Ne7 22.
Ne4 O-O 23.Nf6+ Kh8 24.Qa3 Ng6 25.Nf5 Qc8 26.Qd6 Ra6 27.Nxg7 c5 28.Qd3 
Kxg7 29.Bc3 Re6 30.Nh5+ Kg8 31.f4 Nxf4 32.Nxf4 gxf4 33.Qf5 Qd8 34.Qxf4 Nc6
35.Re3 Rg6 36.h4 Kh7 37.Qe4 Kg8 38.Rf1 c4 39.Rff3 d5 40.exd6 Qxd6 41.Qxc4 
Qd1+ 42.Qf1 Qd5 43.Rf5 Qd7 44.h5 Nd4 45.Rf4 Rd6 46.Rg3+ Kh8 47.Rxd4 1-0

[Event "Central European zonal 2 (w)"]
[Site "Haifa ISR"]
[Date "1989.??.??"]
[Round "?"]
[White "Ehrke, Anja"]
[Black "Wohlers-Armas, Friederike"]
[Result "1-0"]
[WhiteElo "2210"]
[BlackElo "2145"]
[EventDate "1989.??.??"]
[PlyCount "105"]

1.e4 c5 2.Nf3 g6 3.c4 Bg7 4.d4 d6 5.Nc3 Nc6 6.d5 Nd4 7.Nxd4 cxd4 8.Ne2 Qb6
9.Qd3 e5 10.dxe6 fxe6 11.b3 e5 12.Ng3 Nf6 13.Be2 O-O 14.O-O Nd7 15.Bg5 Nc5
16.Qd2 a5 17.Rad1 Rf7 18.h4 Be6 19.h5 a4 20.b4 Na6 21.a3 Rc8 22.Rc1 Rfc7 
23.Qd1 Bxc4 24.Bxc4+ Rxc4 25.Rxc4 Rxc4 26.Qxa4 Qc6 27.Qb3 b5 28.h6 Bf8 29.
f4 d5 30.exd5 Qxd5 31.fxe5 d3 32.Qa2 Nb8 33.Qf2 Nd7 34.Bd2 Be7 35.e6 Qxe6 
36.Re1 Qd6 37.Qe3 Bh4 38.Qe8+ Nf8 39.Rf1 Bf6 40.Rf3 Rg4 41.Ne4 Qd4+ 42.Nf2
Rh4 43.Rxd3 Qa7 44.Qxb5 Qc7 45.Qd5+ Kh8 46.Qd6 Qxd6 47.Rxd6 Bb2 48.Bg5 Rh5
49.Ne4 Kg8 50.Nf6+ Bxf6 51.Bxf6 Rxh6 52.b5 Kf7 53.b6 1-0

[Event "Central European zonal 2 (w)"]
[Site "Haifa ISR"]
[Date "1989.??.??"]
[Round "?"]
[White "Kristol, Luba"]
[Black "Borek, Jutta"]
[Result "1-0"]
[WhiteElo "2230"]
[BlackElo "2060"]
[EventDate "1989.??.??"]
[PlyCount "77"]

1.e4 c5 2.Nf3 Nc6 3.Bb5 d6 4.Nc3 e5 5.Bxc6+ bxc6 6.h3 Be7 7.d3 Nf6 8.O-O 
h6 9.Nh2 g5 10.Qe2 Be6 11.Nd1 Qd7 12.g4 Nh7 13.Ne3 Nf8 14.Nf5 Bf6 15.Be3 
Ng6 16.Nf3 Nf4 17.Bxf4 gxf4 18.Kh2 Qd8 19.Kg1 Kd7 20.c3 Qb6 21.Rad1 Kc7 
22.Rd2 Rad8 23.d4 cxd4 24.cxd4 Bxf5 25.exf5 exd4 26.Qe4 Rhe8 27.Qxf4 Be5 
28.Nxe5 dxe5 29.Qe4 Qb4 30.Rc2 Rd6 31.Rfc1 Qb6 32.Rd1 f6 33.Rd3 Qb5 34.Kg2
Qd5 35.Kf3 Rb8 36.Qxd5 Rxd5 37.Ke4 Rdb5 38.b3 a5 39.f4 1-0

[Event "Central European zonal 2 (w)"]
[Site "Haifa ISR"]
[Date "1989.??.??"]
[Round "?"]
[White "Kristol, Luba"]
[Black "Ladner, Karin"]
[Result "1/2-1/2"]
[WhiteElo "2230"]
[BlackElo "2045"]
[EventDate "1989.??.??"]
[PlyCount "146"]

1.e4 Nf6 2.Nc3 d5 3.e5 d4 4.exf6 dxc3 5.fxg7 cxd2+ 6.Qxd2 Qxd2+ 7.Bxd2 
Bxg7 8.O-O-O Nc6 9.Ne2 Bd7 10.Bc3 Bxc3 11.Nxc3 O-O-O 12.Bd3 Ne5 13.Rhe1 
Nxd3+ 14.Rxd3 Bf5 15.Rxd8+ Kxd8 16.Rd1+ Kc8 17.Nd5 Re8 18.Re1 Kd7 19.Ne3 
Bg6 20.f4 f6 21.g3 c6 22.b3 h5 23.f5 Bf7 24.Rd1+ Kc7 25.Rd4 Rd8 26.Re4 Kd6
27.a3 Rg8 28.Kd2 Rg5 29.c4 Rg8 30.b4 Re8 31.c5+ Kc7 32.Kc3 b6 33.Nc2 Kd7 
34.Nd4 Rg8 35.Rf4 b5 36.Ne2 Rg4 37.Rxg4 hxg4 38.Kd4 e5+ 39.fxe6+ Kxe6 40.
Ke4 f5+ 41.Kd4 Kf6 42.Nf4 Be8 43.Nd3 Bf7 44.Ne1 Bd5 45.Nc2 Bb3 46.Ne3 Bf7 
47.Nd1 Bc4 48.Ne3 Bf7 49.Ng2 Bd5 50.Nf4 Bf7 51.h3 gxh3 52.Nxh3 Be6 53.Nf4 
Bc4 54.Ng2 Bd5 55.Ne3 Be6 56.Nd1 Bb3 57.Ne3 Be6 58.Ng2 Bd5 59.Nf4 Bf7 60.
Nd3 Bh5 61.Ke3 Be8 62.Kf4 Bd7 63.Ne5 Be8 64.Nf3 Bd7 65.Nd4 a6 66.Nf3 Be8 
67.Nd4 Bd7 68.Nb3 Be6 69.Na5 Bd7 70.Nb7 Bc8 71.Na5 Bd7 72.Nb3 Be6 73.Nd4 
Bd7 1/2-1/2

[Event "Central European zonal 2 (w)"]
[Site "Haifa ISR"]
[Date "1989.??.??"]
[Round "?"]
[White "Kristol, Luba"]
[Black "Podrazhanskaya, Olga"]
[Result "1-0"]
[WhiteElo "2230"]
[BlackElo "2200"]
[EventDate "1989.??.??"]
[PlyCount "107"]

1.e4 d6 2.d4 e5 3.Nf3 exd4 4.Nxd4 g6 5.Be3 Bg7 6.Nc3 Nf6 7.Be2 Nc6 8.Nxc6 
bxc6 9.Qd2 Rb8 10.Rb1 Be6 11.O-O O-O 12.Bh6 Bxh6 13.Qxh6 Rb4 14.a3 Rd4 15.
Rbd1 Rxd1 16.Rxd1 Qb8 17.b3 Qb6 18.Qg5 Nd7 19.Na4 Qb8 20.Qe3 f5 21.exf5 
Bxf5 22.Qc3 Qe8 23.Re1 Qf7 24.f3 Qf6 25.Qxf6 Nxf6 26.Bd1 Kf7 27.Nc3 Re8 
28.Rxe8 Kxe8 29.b4 Nd5 30.Nxd5 cxd5 31.c3 g5 32.Ba4+ Ke7 33.Bc6 Ke6 34.Kf2
Bc2 35.Ke3 Ke5 36.g3 Bb3 37.f4+ gxf4+ 38.gxf4+ Kf5 39.Bd7+ Kf6 40.Kd4 h6 
41.a4 Ke7 42.Bc6 Ke6 43.a5 Kf5 44.Bxd5 Ba4 45.Ke3 c5 46.Bc4 cxb4 47.cxb4 
Bd7 48.b5 d5 49.b6 axb6 50.axb6 Bc6 51.Bd3+ Ke6 52.Kd4 Kd6 53.Ba6 h5 54.h4
1-0

[Event "Central European zonal 2 (w)"]
[Site "Haifa ISR"]
[Date "1989.??.??"]
[Round "?"]
[White "Kristol, Luba"]
[Black "Trabert, Bettina"]
[Result "1-0"]
[WhiteElo "2230"]
[BlackElo "2205"]
[EventDate "1989.??.??"]
[PlyCount "89"]

1.e4 g6 2.d4 Bg7 3.Nc3 d6 4.Nf3 a6 5.a4 Bg4 6.Bc4 e6 7.Be3 Nc6 8.Be2 e5 9.
dxe5 Bxf3 10.Bxf3 Nxe5 11.Be2 Nf6 12.O-O O-O 13.f3 Qd7 14.Qd2 Rae8 15.Bh6 
Qc6 16.Bxg7 Kxg7 17.Qd4 Qc5 18.Qxc5 dxc5 19.Rad1 Nc6 20.Rd2 Rd8 21.Rxd8 
Rxd8 22.Rd1 Rd4 23.Re1 Nb4 24.Bd1 Nd7 25.Nb1 Rd6 26.f4 Nf8 27.e5 Rd8 28.
Rf1 Ne6 29.g3 Nd5 30.Kf2 Nd4 31.c3 Nf5 32.Bf3 c6 33.Rd1 c4 34.a5 Nfe3 35.
Rd2 f6 36.exf6+ Kxf6 37.Na3 Re8 38.h3 Re7 39.Be2 g5 40.fxg5+ Kxg5 41.Nxc4 
Rf7+ 42.Kg1 Nf5 43.Kh2 Re7 44.Bd3 h5 45.h4+ 1-0

[Event "Central European zonal 2 (w)"]
[Site "Haifa ISR"]
[Date "1989.??.??"]
[Round "?"]
[White "Kristol, Luba"]
[Black "Wohlers-Armas, Friederike"]
[Result "1/2-1/2"]
[WhiteElo "2230"]
[BlackElo "2145"]
[EventDate "1989.??.??"]
[PlyCount "69"]

1.e4 e6 2.d4 a6 3.Nf3 b5 4.Bd3 c5 5.dxc5 Bxc5 6.O-O Bb7 7.Qe2 Qb6 8.Nbd2 
Nf6 9.Nb3 Be7 10.e5 Nd5 11.c3 Nc6 12.Nfd4 O-O 13.Nxc6 Bxc6 14.Nd4 Bb7 15.
Qh5 f5 16.exf6 Nxf6 17.Qh3 Qc5 18.Be3 Qh5 19.Qxh5 Nxh5 20.Be2 Nf4 21.Bxf4 
Rxf4 22.Bf3 Bxf3 23.Nxf3 b4 24.cxb4 Rxb4 25.b3 a5 26.Rad1 Ra7 27.Ne5 Rbb7 
28.Rd3 Rc7 29.Rfd1 d5 30.Nf3 Bf6 31.Nd4 Bxd4 32.Rxd4 a4 33.bxa4 Rc2 34.
R4d2 Rxd2 35.Rxd2 1/2-1/2

[Event "Central European zonal 2 (w)"]
[Site "Haifa ISR"]
[Date "1989.??.??"]
[Round "?"]
[White "Ladner, Karin"]
[Black "Borek, Jutta"]
[Result "1/2-1/2"]
[WhiteElo "2045"]
[BlackElo "2060"]
[EventDate "1989.??.??"]
[PlyCount "39"]

1.e4 e6 2.d4 d5 3.Nd2 c5 4.exd5 Qxd5 5.Ngf3 cxd4 6.Bc4 Qd6 7.O-O Nf6 8.Nb3
Nc6 9.Nbxd4 Nxd4 10.Qxd4 Qxd4 11.Nxd4 a6 12.a4 Bd7 13.h3 Rc8 14.Bd3 Bc5 
15.Nb3 Bb6 16.Bd2 Bc6 17.Rfe1 O-O 18.c3 Rfd8 19.Bc2 h6 20.Bf4 1/2-1/2

[Event "Central European zonal 2 (w)"]
[Site "Haifa ISR"]
[Date "1989.??.??"]
[Round "?"]
[White "Ladner, Karin"]
[Black "Ehrke, Anja"]
[Result "1/2-1/2"]
[WhiteElo "2045"]
[BlackElo "2210"]
[EventDate "1989.??.??"]
[PlyCount "58"]

1.e4 e6 2.d4 d5 3.exd5 exd5 4.Bd3 Nc6 5.c3 Bd6 6.Qf3 Nf6 7.h3 Be6 8.Ne2 
Qd7 9.Bf4 Ne7 10.Nd2 O-O-O 11.O-O-O Ng6 12.Bxd6 Qxd6 13.g4 Rhe8 14.g5 Ng8 
15.Qg3 Qd7 16.Nb3 Qa4 17.Kb1 b6 18.Nf4 Nxf4 19.Qxf4 g6 20.h4 Ne7 21.Nd2 
Bf5 22.Nf3 Bxd3+ 23.Rxd3 Nf5 24.Ne5 Qb5 25.Rdd1 Rf8 26.Qd2 Nd6 27.Qd3 
Qxd3+ 28.Nxd3 f6 29.f4 Ne4 1/2-1/2

[Event "Central European zonal 2 (w)"]
[Site "Haifa ISR"]
[Date "1989.??.??"]
[Round "?"]
[White "Ladner, Karin"]
[Black "Lauterbach, Ingrid"]
[Result "0-1"]
[WhiteElo "2045"]
[BlackElo "2170"]
[EventDate "1989.??.??"]
[PlyCount "114"]

1.e4 d6 2.d4 Nf6 3.Nc3 g6 4.Nf3 Bg7 5.Be2 O-O 6.O-O c6 7.a4 a5 8.Bf4 Na6 
9.Qd2 Nb4 10.h3 e5 11.Be3 exd4 12.Nxd4 Re8 13.Bf3 d5 14.exd5 Nfxd5 15.Nxd5
Nxd5 16.Bg5 Qb6 17.c3 Qc5 18.Bh6 Bh8 19.Rad1 Bd7 20.g4 Rad8 21.Nb3 Qb6 22.
Qc2 Qc7 23.Nc5 Bc8 24.Nd3 Qe7 25.Qc1 f5 26.Bg5 Bf6 27.Bxf6 Nxf6 28.Rfe1 
Qc7 29.g5 Rxe1+ 30.Rxe1 Ne4 31.Rd1 Qe7 32.h4 h6 33.Nf4 Kh7 34.Nh3 Rxd1+ 
35.Qxd1 hxg5 36.Bxe4 fxe4 37.Nxg5+ Kh6 38.Qd4 Qe8 39.Qxe4 Qxe4 40.Nxe4 b5 
41.Nd6 Bd7 42.Kh2 bxa4 43.Nb7 Kg7 44.Kg3 Kf6 45.Kf4 Be6 46.Nxa5 Bd5 47.Nb7
Bb3 48.Nc5 Bc2 49.f3 Bd1 50.Nd7+ Ke6 51.Ne5 Bc2 52.Nxc6 Kd6 53.Nd4 Bb1 54.
Kg5 Kd5 55.f4 Kc4 56.f5 gxf5 57.Nxf5 Kb3 0-1

[Event "Central European zonal 2 (w)"]
[Site "Haifa ISR"]
[Date "1989.??.??"]
[Round "?"]
[White "Ladner, Karin"]
[Black "Lematschko, Tatjana"]
[Result "1/2-1/2"]
[WhiteElo "2045"]
[BlackElo "2305"]
[EventDate "1989.??.??"]
[PlyCount "89"]

1.e4 c5 2.c3 e6 3.d4 d5 4.exd5 exd5 5.Bb5+ Nc6 6.Qe2+ Be6 7.Nf3 Bd6 8.dxc5
Bxc5 9.Nbd2 Ne7 10.Nb3 Bd6 11.Nbd4 Bd7 12.Bd3 Nxd4 13.Nxd4 O-O 14.Qh5 g6 
15.Qh6 Nc6 16.Nf3 Re8+ 17.Be3 Bf8 18.Qf4 Bg7 19.O-O h6 20.Qd6 Bg4 21.Qxd8 
Raxd8 22.Nd4 Nxd4 23.cxd4 Rc8 24.Rac1 g5 25.h3 Bd7 26.Rxc8 Rxc8 27.g4 a6 
28.Rd1 Ba4 29.b3 Bb5 30.Kf1 Bxd3+ 31.Rxd3 Rc2 32.a4 Bf8 33.Ke1 Bb4+ 34.Kd1
Rb2 35.Kc1 Re2 36.Kd1 Re1+ 37.Kc2 Kg7 38.Bd2 Re2 39.Kd1 Rxd2+ 40.Rxd2 Bxd2
41.Kxd2 a5 42.Kc3 f5 43.f3 h5 44.b4 b6 45.b5 1/2-1/2

[Event "Central European zonal 2 (w)"]
[Site "Haifa ISR"]
[Date "1989.??.??"]
[Round "?"]
[White "Ladner, Karin"]
[Black "Podrazhanskaya, Olga"]
[Result "1-0"]
[WhiteElo "2045"]
[BlackElo "2200"]
[EventDate "1989.??.??"]
[PlyCount "79"]

1.e4 c6 2.d4 d5 3.exd5 cxd5 4.Bd3 Nc6 5.c3 g6 6.Bf4 Nf6 7.Nf3 Nh5 8.Be3 
Qd6 9.O-O Nf4 10.Bc2 Bg4 11.Re1 h5 12.h3 Bf5 13.Ne5 Bxc2 14.Qxc2 Bh6 15.
Nd2 Nxe5 16.dxe5 Qxe5 17.Qa4+ Kf8 18.Nf3 Qf5 19.Nd4 Qf6 20.Rad1 e5 21.Nb5 
Qc6 22.Qb4+ Kg8 23.Bxf4 Bxf4 24.g3 a5 25.Qb3 Bh6 26.Rxe5 h4 27.g4 Kh7 28.
Qxd5 Rhf8 29.Qe4 Rae8 30.Re1 Rxe5 31.Qxe5 Qf3 32.Qh2 Bf4 33.Qg2 Qd3 34.Nd4
f5 35.Qxb7+ Kh6 36.Qf3 Qd2 37.Re6 Qc1+ 38.Kg2 fxg4 39.Qxg4 Bg5 40.Nf3 1-0

[Event "Central European zonal 2 (w)"]
[Site "Haifa ISR"]
[Date "1989.??.??"]
[Round "?"]
[White "Lauterbach, Ingrid"]
[Black "Baumann, Claude"]
[Result "1/2-1/2"]
[WhiteElo "2170"]
[BlackElo "2020"]
[EventDate "1989.??.??"]
[PlyCount "98"]

1.e4 e5 2.f4 exf4 3.Nf3 d5 4.exd5 Qxd5 5.d4 Bg4 6.Be2 Nc6 7.Bxf4 O-O-O 8.
c3 Qe4 9.Bg3 Re8 10.Nbd2 Qe6 11.h3 Bf5 12.Nb3 Qg6 13.Kf2 Nf6 14.Nbd2 Qh6 
15.Nf1 Ne4+ 16.Kg1 Nxg3 17.Nxg3 Qe3+ 18.Kf1 Bg6 19.h4 Bd6 20.Rh3 h6 21.Qd2
Bf4 22.Qxe3 Rxe3 23.Re1 Rhe8 24.Kf2 R3e7 25.Nf1 Bf5 26.Rh1 h5 27.Bb5 Rxe1 
28.Nxe1 Bd7 29.Nd3 Bd6 30.Ne3 a6 31.Bxc6 Bxc6 32.Nf5 Bf8 33.Ne5 Re6 34.Rf1
g6 35.Ne3 Be8 36.Nd5 c6 37.Nf4 Rf6 38.g3 c5 39.Re1 Bd7 40.d5 Bd6 41.c4 Rf5
42.Nd3 f6 43.Kg2 g5 44.hxg5 Rxg5 45.Rh1 Bf5 46.Kf2 Bxd3 47.Nxd3 Bxg3+ 48.
Kf3 Bd6 49.Nf4 Rg4 1/2-1/2